El perdón de Aquiles

Zapisane w:
Opis bibliograficzny
1. autor: Larrañaga de Bullones, Hortencia (Autor)
Format: Książka
Język:hiszpański
Wydane: Mendoza Universidad Nacional de Cuyo 1992
Seria:Colección Partenon
Hasła przedmiotowe:
Etykiety: Dodaj etykietę
Nie ma etykietki, Dołącz pierwszą etykiete!

MARC

LEADER 00000nam a2200000 a 4500
001 UCP2422
003 CL-VaPUC
008 990514e19920000AG |||||||||||||||||spa|d
082 0 4 |a 883  |b LAR  |2 21 
100 |a Larrañaga de Bullones, Hortencia  |e author  |9 429172 
245 1 3 |a El perdón de Aquiles 
300 |a 18 p 
942 |c BK 
945 |d 19990514 00:00:00  |a rbrito 
260 |a Mendoza  |b Universidad Nacional de Cuyo  |c 1992 
650 0 |a Mitología griega   |9 265313 
650 0 |a Tragedia griega  |9 265362 
650 7 |a CUENTOS GRIEGOS  |2 CL-VaPUC  |9 429156 
583 |a last modification  |c 19990514 00:00:00  |k Rodrigo Vera 
490 0 |a Colección Partenon 
999 |c 280951  |d 280949 
952 |0 0  |1 0  |4 0  |6 883_000000000000000_LAR_1992  |7 0  |8 A  |9 321505  |a BIBEDU  |b BIBEDU  |d 2019-11-20  |i 3522121  |o 883 LAR 1992  |p 3522121  |r 2019-11-20  |w 2019-11-20  |y BK  |k BME